000 00304nam a22001337a 4500
008 170922b xxu||||| |||| 00| 0 eng d
020 _a9780312075293
041 _aeng
080 _24TH
_a37
100 _a46
101 _aEDU
245 _aTHE BEDFORD HANDBOOK FOR WRITERS
_cHACKER,D
942 _2udc
_cBK
999 _c28972
_d28972